[Event "Mallorca-chA"]
[Site "Palma de Mallorca"]
[Date "2011.11.05"]
[Round "2"]
[White "Lechado Artigues, Pedro"]
[Black "Cerdo Fernandez, Miguel"]
[Result "1-0"]
[WhiteElo "2144"]
[BlackElo "1938"]
[PlyCount "177"]
[EventDate "2011.10.29"]
[EventType "swiss"]
[EventRounds "8"]
[EventCountry "ESP"]
[SourceTitle "EXT 2014"]
[Source "ChessBase"]
[SourceDate "2013.11.20"]
[SourceVersion "1"]
[SourceVersionDate "2013.11.20"]
[SourceQuality "1"]

1. e4 Nf6 2. e5 Nd5 3. Nc3 Nxc3 4. bxc3 d5 5. d4 c5 6. Bd3 Nc6 7. Be3 cxd4 8. cxd4 Nb4 9. Bb5+ Bd7 10. Bxd7+ Qxd7 11. c3 Nc6 12. f4 e6 13. Qg4 0-0-0 14. Ne2 h5 15. Qf3 Na5 16. 0-0 Nc4 17. f5 Be7 18. Bc1 Rdg8 19. Nf4 g5 20. f6 gxf4 21. fxe7 Qxe7 22. Qxf4 Rg7 23. Qf6 Qxf6 24. Rxf6 Rhg8 25. Rf2 Kd7 26. h4 Rc8 27. Bg5 Na3 28. Raf1 Ke8 29. Rf3 Nb5 30. Bd2 Ke7 31. R1f2 Na3 32. Kf1 Nc4 33. Bg5+ Ke8 34. Ke2 Rc6 35. Kd3 Rb6 36. Rf6 Rh7 37. R6f4 Rb2 38. Rxb2 Nxb2+ 39. Kc2 Nc4 40. Kd3 Kd7 41. g4 hxg4 42. Rxg4 Ke8 43. Bf6 Kf8 44. Rg1 Rh5 45. Bg5 Rh7 46. Ke2 Ke8 47. Kf3 b5 48. Kg4 Nb6 49. h5 Nd7 50. h6 Nb6 51. Kh5 a6 52. Bf6 Kf8 53. Kg5 Na4 54. Rg3 Nb6 55. Bg7+ Ke8 56. Kf4 Nd7 57. Rg2 Nb6 58. Ke3 Ke7 59. Kd3 Nd7 60. Rf2 Nb6 61. Kc2 Nc4 62. Re2 Nb6 63. Kb3 Nd7 64. Kb4 f6 65. exf6+ Nxf6 66. Bxf6+ Kxf6 67. Rh2 e5 68. dxe5+ Kxe5 69. Kc5 Ke4 70. Rh3 Ke5 71. Rh4 Ke6 72. Rh5 Kf6 73. Kxd5 Kg6 74. Rh3 Rh8 75. h7 Kg7 76. Kc6 Rc8+ 77. Kb7 Rh8 78. Kxa6 Ra8+ 79. Kxb5 Kh8 80. a4 Rb8+ 81. Kc6 Ra8 82. Rh4 Rc8+ 83. Kb7 Rxc3 84. a5 Ra3 85. a6 Rb3+ 86. Ka7 Rf3 87. Rh6 Rf7+ 88. Kb6 Rf8 89. a7 1-0

[Event "Calvia Amateur op 7th"]
[Site "Calvia"]
[Date "2010.10.09"]
[Round "1"]
[White "Ponce Cano, Adrian"]
[Black "Lechado Artigues, Pedro"]
[Result "0-1"]
[WhiteElo "1715"]
[BlackElo "2096"]
[PlyCount "74"]
[EventDate "2010.10.09"]
[EventType "swiss"]
[EventRounds "9"]
[EventCountry "ESP"]
[SourceTitle "EXT 2011"]
[Source "ChessBase"]
[SourceDate "2010.11.26"]
[SourceVersion "1"]
[SourceVersionDate "2010.11.26"]
[SourceQuality "1"]

1. e4 c5 2. Nf3 d6 3. d4 cxd4 4. Nxd4 Nf6 5. Nc3 a6 6. f3 e5 7. Nb3 Be7 8. Be3 Be6 9. Nd5 Nxd5 10. exd5 Bf5 11. g4 Bh4+ 12. Bf2 Bg6 13. Qe2 0-0 14. 0-0-0 a5 15. Nd2 Na6 16. Ne4 Bxf2 17. Qxf2 Bxe4 18. fxe4 Nc5 19. Re1 Qg5+ 20. Qe3 Qxg4 21. Rg1 Qh4 22. Kb1 g6 23. Bg2 f5 24. exf5 Rxf5 25. Ref1 Raf8 26. Rf3 Rxf3 27. Bxf3 Qxh2 28. Rf1 e4 29. Be2 Rxf1+ 30. Bxf1 Qh1 31. Qe1 Qg1 32. b3 h5 33. Kb2 Qd4+ 34. Kb1 e3 35. Qxa5 Qd1+ 36. Kb2 Qxf1 37. Qd8+ Qf8 0-1

[Event "Calvia Amateur op 6th"]
[Site "Calvia"]
[Date "2009.10.12"]
[Round "2"]
[White "Gomez Jurado, Luis Alberto"]
[Black "Lechado Artigues, Pedro"]
[Result "0-1"]
[WhiteElo "2287"]
[BlackElo "2110"]
[PlyCount "54"]
[EventDate "2009.10.10"]
[EventType "swiss"]
[EventRounds "9"]
[EventCountry "ESP"]
[SourceTitle "CBM 132 Extra"]
[Source "ChessBase"]
[SourceDate "2009.11.03"]
[SourceVersion "1"]
[SourceVersionDate "2009.11.03"]
[SourceQuality "1"]

1. d4 Nf6 2. Nf3 g6 3. c4 Bg7 4. Nc3 0-0 5. e4 d6 6. Be2 e5 7. Be3 Nc6 8. d5 Ne7 9. Nd2 Nd7 10. g4 f5 11. gxf5 gxf5 12. Bg5 h6 13. Bh4 Nf6 14. Rg1 fxe4 15. Ndxe4 Nxe4 16. Nxe4 Kh8 17. Qd3 Rf4 18. Bg3 Rf8 19. 0-0-0 Nf5 20. Bg4 Nd4 21. Bxc8 Rf3 22. Qd2 Qxc8 23. c5 Qf5 24. Rde1 Rd8 25. Bh4 Rd7 26. Bf6 Rf4 27. Rxg7 Rxg7 0-1

[Event "ESP-ch 74th"]
[Site "Palma de Mallorca"]
[Date "2009.10.02"]
[Round "7"]
[White "Lechado Artigues, Pedro"]
[Black "Javaloy Guerrero, Manuel A"]
[Result "1-0"]
[WhiteElo "2110"]
[BlackElo "1878"]
[PlyCount "79"]
[EventDate "2009.09.26"]
[EventType "swiss"]
[EventRounds "9"]
[EventCountry "ESP"]
[SourceTitle "CBM 132 Extra"]
[Source "ChessBase"]
[SourceDate "2009.11.03"]
[SourceVersion "1"]
[SourceVersionDate "2009.11.03"]
[SourceQuality "1"]

1. e4 c5 2. Nf3 e6 3. d4 cxd4 4. Nxd4 Nf6 5. Bd3 d5 6. e5 Nfd7 7. Nxe6 Qb6 8. Nxf8 Nxf8 9. 0-0 Ng6 10. Nc3 Be6 11. Qh5 Nc6 12. Bxg6 fxg6 13. Qe2 0-0 14. Bd2 Rf5 15. Na4 Qd4 16. b3 Rxe5 17. Qd1 Bg4 18. Qc1 Bf3 19. Bf4 Rf5 20. Bg3 Be2 21. Re1 Bb5 22. c3 Qf6 23. Nb2 Rf8 24. Qd2 h5 25. h4 Nd8 26. Nd1 Ne6 27. Ne3 Nc5 28. Nxf5 Qxf5 29. Re5 Qd3 30. Qxd3 Nxd3 31. Rxd5 Ba6 32. Rd1 Nf4 33. Bxf4 Rxf4 34. g3 Rf3 35. c4 Rc3 36. Rd7 Rc2 37. R1d2 Rc1+ 38. Kg2 Kh7 39. Re7 b6 40. Rdd7 1-0

[Event "Palma de Mallorca op 3rd"]
[Site "Palma de Mallorca"]
[Date "2008.12.14"]
[Round "9"]
[White "Trillo Figueroa Vidal, Antonio"]
[Black "Lechado Artigues, Pedro"]
[Result "0-1"]
[WhiteElo "1782"]
[BlackElo "2021"]
[PlyCount "116"]
[EventDate "2008.12.06"]
[EventType "swiss"]
[EventRounds "9"]
[EventCountry "ESP"]
[SourceTitle "CBM 127 Extra"]
[Source "ChessBase"]
[SourceDate "2009.01.08"]
[SourceVersion "2"]
[SourceVersionDate "2009.01.28"]
[SourceQuality "1"]

1. e4 g6 2. d4 d6 3. Nf3 Nf6 4. Nc3 Bg7 5. Be2 0-0 6. 0-0 Bg4 7. h3 Bxf3 8. Bxf3 Nc6 9. Be3 e5 10. d5 Ne7 11. Ne2 Nd7 12. Qd2 f5 13. Bg5 Nf6 14. Bxf6 Bxf6 15. c4 Kh8 16. Nc3 b6 17. b4 f4 18. Rac1 h5 19. c5 Qe8 20. cxd6 cxd6 21. Qe2 a6 22. b5 a5 23. a4 Ra7 24. Na2 Rd7 25. Rc2 Ng8 26. Rfc1 Bd8 27. Rc8 Nf6 28. R1c6 Qf7 29. Nc3 Rg8 30. g4 fxg3 31. fxg3 Rf8 32. Bg2 Ng8 33. Rb8 h4 34. g4 Qf4 35. Rcc8 Ne7 36. Rc4 g5 37. Nd1 Ng6 38. Ne3 Qg3 39. Nf5 Qa3 40. Qe3 Qa2 41. Rbc8 Nf4 42. Qf2 Qb3 43. Kh2 Kg8 44. Nh6+ Kg7 45. Nf5+ Kh7 46. Qf3 Qa2 47. R8c6 Rff7 48. Rc8 Bc7 49. Rc6 Qxa4 50. Re8 Qxb5 51. Re6 Nxe6 52. dxe6 Qxc6 53. exd7 Qxd7 54. Qe3 Kg6 55. Bf1 d5 56. exd5 Qxd5 57. Bd3 Qxd3 58. Nxh4+ gxh4 0-1

[Event "Palma de Mallorca op 3rd"]
[Site "Palma de Mallorca"]
[Date "2008.12.12"]
[Round "7"]
[White "Lechado Artigues, Pedro"]
[Black "Galiana Moll, Ramon Aaron"]
[Result "1-0"]
[WhiteElo "2021"]
[BlackElo "1859"]
[PlyCount "65"]
[EventDate "2008.12.06"]
[EventType "swiss"]
[EventRounds "9"]
[EventCountry "ESP"]
[SourceTitle "CBM 127 Extra"]
[Source "ChessBase"]
[SourceDate "2009.01.08"]
[SourceVersion "2"]
[SourceVersionDate "2009.01.28"]
[SourceQuality "1"]

1. e4 e6 2. d4 d5 3. Nc3 Nf6 4. e5 Nfd7 5. f4 c5 6. Nce2 b6 7. c3 Ba6 8. Nf3 cxd4 9. Nfxd4 Bc5 10. Bd2 Qc7 11. Rc1 g5 12. b4 Be7 13. Nxe6 fxe6 14. Nd4 Nxe5 15. Bxa6 Nxa6 16. Qa4+ Qd7 17. Qxa6 Nc4 18. Nf3 Nxd2 19. Ne5 Qc7 20. Qb5+ Kf8 21. Kxd2 gxf4 22. Qe2 Bd6 23. Nd3 Rg8 24. g3 e5 25. Qh5 Qf7 26. Qh6+ Ke7 27. Rce1 Qf5 28. Rxe5+ Bxe5 29. Re1 Qg6 30. Rxe5+ Kd6 31. Qxf4 Kc6 32. b5+ Kb7 33. Re7+ 1-0

[Event "Palma de Mallorca op 3rd"]
[Site "Palma de Mallorca"]
[Date "2008.12.07"]
[Round "2"]
[White "Lechado Artigues, Pedro"]
[Black "D'Costa, Lorin AR"]
[Result "0-1"]
[WhiteElo "2021"]
[BlackElo "2411"]
[PlyCount "58"]
[EventDate "2008.12.06"]
[EventType "swiss"]
[EventRounds "9"]
[EventCountry "ESP"]
[SourceTitle "CBM 127 Extra"]
[Source "ChessBase"]
[SourceDate "2009.01.08"]
[SourceVersion "2"]
[SourceVersionDate "2009.01.28"]
[SourceQuality "1"]

1. e4 c5 2. Nf3 e6 3. d4 cxd4 4. Nxd4 a6 5. Bd3 g6 6. Be3 Bg7 7. Nd2 Ne7 8. 0-0 d5 9. c3 0-0 10. Qe2 Qc7 11. N4b3 Nbc6 12. a4 dxe4 13. Bxe4 f5 14. Bf3 e5 15. Qc4+ Kh8 16. a5 e4 17. Be2 Qb8 18. Nc5 f4 19. Bd4 Nxd4 20. cxd4 Nf5 21. Ndxe4 Nxd4 22. Ng5 Qe5 23. Nge4 f3 24. Bxf3 Rxf3 25. gxf3 Bh3 26. Ng3 Nxf3+ 27. Kh1 Nd2 28. Nd3 Nxc4 29. Nxe5 Bxf1 0-1

[Event "Calvia Amateur op 5th"]
[Site "Calvia"]
[Date "2008.10.15"]
[Round "6"]
[White "Planas Gene, Juan"]
[Black "Lechado Artigues, Pedro"]
[Result "1-0"]
[WhiteElo "2184"]
[BlackElo "2021"]
[PlyCount "63"]
[EventDate "2008.10.10"]
[EventType "swiss"]
[EventRounds "9"]
[EventCountry "ESP"]
[SourceTitle "CBM 126 Extra"]
[Source "ChessBase"]
[SourceDate "2008.11.05"]
[SourceVersion "1"]
[SourceVersionDate "2008.11.05"]
[SourceQuality "1"]

1. d4 Nf6 2. c4 g6 3. Nc3 Bg7 4. e4 d6 5. Nf3 0-0 6. Be2 Na6 7. 0-0 e5 8. d5 Nc5 9. Nd2 a5 10. Qc2 a4 11. Rb1 Bd7 12. b4 axb3 13. axb3 Ne8 14. b4 Na6 15. Ba3 f5 16. c5 f4 17. f3 h5 18. c6 bxc6 19. dxc6 Bc8 20. b5 Nb8 21. Qb3+ Kh8 22. Bb4 g5 23. Ra1 Rxa1 24. Rxa1 g4 25. Ra8 gxf3 26. Nxf3 Bg4 27. h3 Bxf3 28. Bxf3 Nf6 29. Nd5 Kh7 30. b6 Nxd5 31. Qxd5 cxb6 32. Qxd6 1-0